[Event "CZE-chT2F 2223"]
[Site "Czech Republic"]
[Date "2023.03.26"]
[Round "11"]
[White "Rosinsky, Pavel"]
[Black "Krmela, Ales"]
[Result "1/2-1/2"]
[WhiteElo "2012"]
[BlackElo "2023"]
[PlyCount "67"]
[EventDate "2022.10.16"]
[EventType "team-tourn"]
[EventRounds "11"]
[EventCountry "CZE"]
[SourceTitle "EXT 2024"]
[Source "ChessBase"]
[SourceDate "2023.10.10"]
[SourceVersion "1"]
[SourceVersionDate "2023.10.10"]
[SourceQuality "1"]
[WhiteTeam "Koprivnice Tatra"]
[BlackTeam "Hostalkova II"]
[WhiteTeamCountry "CZE"]
[BlackTeamCountry "CZE"]

1. e4 e5 2. Bc4 Nf6 3. d3 Be7 4. f4 Nc6 5. Nf3 d6 6. 0-0 exf4 7. Nc3 Na5 8. Bb3 Nxb3 9. axb3 Bg4 10. Bxf4 0-0 11. Qe1 c6 12. Qg3 Qd7 13. Be3 b6 14. Nd4 Nh5 15. Qf2 Nf6 16. h3 Be6 17. Nf5 Bxf5 18. Qxf5 Qxf5 19. Rxf5 Nd7 20. Ne2 Bf6 21. Bd4 Rfe8 22. Bxf6 Nxf6 23. Nd4 Rec8 24. Rf3 Rc7 25. Ra6 Nd7 26. b4 Ne5 27. Rf1 g6 28. Rfa1 Kf8 29. Rxb6 Rac8 30. Rba6 Rb8 31. Rxa7 Rxa7 32. Rxa7 Rxb4 33. Nb3 Nxd3 34. cxd3 1/2-1/2